|
|
|
|
| LEADER |
01504nam a2200409 a 4500 |
| 001 |
000707457 |
| 003 |
CZ BrMZK |
| 005 |
20090623095428.0 |
| 007 |
ta |
| 008 |
040302s2003 xr acf e 000 0bcze d |
| 015 |
|
|
|a cnb001297074
|
| 020 |
|
|
|a 80-86142-13-2
|q (váz.)
|
| 035 |
|
|
|a (OCoLC)55999618
|
| 040 |
|
|
|a BOA001
|b cze
|
| 043 |
|
|
|a e-cs---
|
| 072 |
|
7 |
|a 929
|x Biografie
|2 Konspekt
|9 8
|
| 072 |
|
7 |
|a 32
|x Politika
|2 Konspekt
|9 15
|
| 080 |
|
|
|a (437)
|2 MRF
|
| 080 |
|
|
|a (092)
|2 MRF
|
| 080 |
|
|
|a (048.8)
|2 MRF
|
| 080 |
|
|
|a 929
|2 MRF
|
| 080 |
|
|
|a 32-051
|2 MRF
|
| 100 |
1 |
|
|a Opat, Jaroslav,
|d 1924-2015
|7 jk01091156
|4 aut
|
| 245 |
1 |
0 |
|a Průvodce životem a dílem T.G. Masaryka :
|b česká otázka včera a dnes /
|c Jaroslav Opat
|
| 250 |
|
|
|a Vyd. 1.
|
| 260 |
|
|
|a Praha :
|b Ústav T.G. Masaryka,
|c 2003
|
| 300 |
|
|
|a 534 s. :
|b il., portréty, faksim. ;
|c 21 cm
|
| 504 |
|
|
|a Obsahuje bibliografické odkazy a rejstřík
|
| 500 |
|
|
|a Dostupné též v digitální podobě v aplikaci Kramerius
|
| 600 |
1 |
7 |
|a Masaryk, Tomáš Garrigue,
|d 1850-1937
|7 jk01080472
|2 czenas
|
| 650 |
0 |
7 |
|a prezidenti
|7 ph124601
|z Československo
|2 czenas
|
| 655 |
|
7 |
|a monografie
|7 fd132842
|2 czenas
|
| 655 |
|
7 |
|a biografie
|7 fd131909
|2 czenas
|
| 856 |
4 |
1 |
|u http://www.digitalniknihovna.cz/mzk/uuid/uuid:ca3db8e0-68ff-11e5-b4b4-005056827e51
|y Digitalizovaný dokument
|x NDK
|
| 910 |
|
|
|a BOA001
|b 2-1130.581
|
| 990 |
|
|
|a BK
|
| 996 |
6 |
|
|b 2610215095
|c 2-1130.581
|l MZK
|r Sklad / do 1 hodiny
|n 7
|p p.v.
|w 000707457
|u 000010
|a 1
|e BOA001
|j MZK50
|s P
|